| 000 | 00814nam a22002177a 4500 | ||
|---|---|---|---|
| 999 |
_c7746 _d7746 |
||
| 003 | AR-CdUCM | ||
| 008 | 190321b ||||| |||| 00| 0 spa d | ||
| 020 | _a7232-383-8 | ||
| 040 |
_aMUNICIPALIDAD PROVINCIAL DEL CUSCO _cBIBLIOTECA MUNICIPAL DEL CUSCO |
||
| 082 |
_a400 / _bD71 |
||
| 100 |
_aDietrich, Wolf _921890 |
||
| 245 |
_aEl idioma chiriguano : _bGramática, textos, vocabulario / |
||
| 260 |
_aMadrid : _bInstituto de cooperación iberoamericana, _c1986. |
||
| 300 |
_a356 páginas ; _c24 cm. |
||
| 505 | _aContenido : Parte I : Descripción lingüística -- Fonología -- Fonología de las silaba -- Fonológica de la palabra -- Elementos de morfo-fonología ... | ||
| 650 |
_aEl idioma _921891 |
||
| 650 |
_aChiriguano _921892 |
||
| 650 |
_aFonología _910735 |
||
| 942 |
_2ddc _cLIBROS |
||
| 945 | _arah | ||